{"text_format":"3","workbook":"xlsx","n_sheets":1,"sheets":["报价清单"],"not_rendered":{"defined_names":1},"read":"whole","date_system":"1900"}

{"sheet":"报价清单","index":0,"n_rows":47,"n_cols":9,"rows_kept":47,"merged":[[0,2,0,3],[1,0,1,8],[2,2,2,3],[3,2,3,3],[4,2,4,3],[5,2,5,3],[6,2,6,3],[7,2,7,3],[8,2,8,3],[9,2,9,3],[10,2,10,3],[11,2,11,3],[12,2,12,3],[13,2,13,3],[14,2,14,3],[15,2,15,3],[16,0,16,4],[16,5,16,8],[17,0,17,8],[18,2,18,3],[19,2,19,3],[20,2,20,3],[21,2,21,3],[22,2,22,3],[23,2,23,3],[24,2,24,3],[25,2,25,3],[26,2,26,3],[27,2,27,3],[28,2,28,3],[29,2,29,3],[30,2,30,3],[31,2,31,3],[32,0,32,4],[32,5,32,8],[33,0,33,8],[34,2,34,3],[35,2,35,3],[36,2,36,3],[37,2,37,3],[38,2,38,3],[39,2,39,3],[40,2,40,3],[41,2,41,3],[42,2,42,3],[43,2,43,3],[44,2,44,3],[45,2,45,3],[46,2,46,3]]}
["序号","货物名称","品牌",null,"规格/型号","数量","单位","单价","小计"]
["一、荔林小学多功能报告厅大屏显示系统"]
[1,"LED显示屏","创维",null,"ID25",33.28,"㎡",12800,425984]
[2,"信号发送盒","诺瓦",null,"MCTRL600",4,"台",2800,11200]
[3,"数字高清图像控制器","创维",null,"V-CON2000",1,"台",38660,38660]
[4,"LED信息发布软件","创维",null,"创维B/S信息发布系统管理软件V8.7",1,"套",26480,26480]
[5,"综合布线","创维",null,"定制",1,"项",14260,14260]
[6,"显示屏安装结构","创维",null,"定制",1,"项",38512,38512]
[7,"外装饰边框","创维",null,"定制",1,"套",8620,8620]
[8,"维护工具","创维",null,"WH-25",1,"套",3580,3580]
[9,"智能配电柜","创维",null,"CW-SKY20",1,"套",6450,6450]
[10,"高清播放盒","创维",null,"SKYAD-H8",1,"套",2885,2885]
[11,"控制终端","联想",null,"启天M420-D563",1,"套",7460,7460]
[12,"互动终端","创维",null,"65E91RD-D",1,"台",24999,24999]
[13,"智能电子锁","创维",null,"SKY-001-RFPDA-C",1,"套",3980,3980]
[14,"备品备件","创维",null,"ID25",1,"批",3000,3000]
[]
["二、鼎太小学多功能教室大屏显示系统"]
[15,"LED显示屏","创维",null,"ID25",16.53,"㎡",12800,211584]
[16,"信号发送盒","诺瓦",null,"MCTRL600",4,"台",2800,11200]
[17,"数字高清图像控制器","创维",null,"V-CON2000",1,"台",38660,38660]
[18,"LED信息发布软件","创维",null,"创维B/S信息发布系统管理软件V8.7",1,"套",26480,26480]
[19,"综合布线","创维",null,"定制",1,"项",38688,38688]
[20,"显示屏安装结构","创维",null,"定制",1,"项",32540,32540]
[21,"外装饰边框","创维",null,"定制",1,"套",28905,28905]
[22,"维护工具","创维",null,"WH-25",1,"套",3580,3580]
[23,"智能配电柜","创维",null,"CW-SKY20",1,"套",6450,6450]
[24,"高清播放盒","创维",null,"SKYAD-H8",1,"套",2885,2885]
[25,"控制终端","联想",null,"启天M420-D563",1,"套",7460,7460]
[26,"原木板背景墙切割","创维",null,"定制",16.53,"㎡",1900,31407]
[27,"互动终端","创维",null,"65E91RD-D",1,"台",24999,24999]
[28,"备品备件","创维",null,"ID25",1,"批",3000,3000]
[]
["三、南海中学多功能报告厅大屏显示系统"]
[29,"LED显示屏","创维",null,"ID25",12.28,"㎡",12800,157184]
[30,"信号发送盒","诺瓦",null,"MCTRL600",2,"台",2800,5600]
[31,"视频处理器","凯视达",null,"KS920P",1,"台",7520,7520]
[32,"LED信息发布软件","创维",null,"创维B/S信息发布系统管理软件V8.7",1,"套",26480,26480]
[33,"综合布线","创维",null,"定制",1,"项",13620,13620]
[34,"显示屏安装结构","创维",null,"定制",1,"项",19507,19507]
[35,"外装饰边框","创维",null,"定制",1,"套",6240,6240]
[36,"维护工具","创维",null,"WH-25",1,"套",3580,3580]
[37,"智能配电柜","创维",null,"CW-SKY20",1,"套",6450,6450]
[38,"高清播放盒","创维",null,"SKYAD-H8",1,"套",2885,2885]
[39,"控制终端","联想",null,"启天M420-D563",1,"套",7460,7460]
[40,"互动终端","创维",null,"65E91RD-D",1,"台",24999,24999]
[41,"备品备件","创维",null,"ID25",1,"批",3000,3000]